| 000 | 00794nam a2200145Ia 4500 | ||
|---|---|---|---|
| 008 | 100204s9999 xx 000 0 und d | ||
| 082 | _b4469 | ||
| 100 | _aबेलसरे के. वि. | ||
| 245 | _aश्री ब्रह्मचैतन्य गोंदवलेकर महाराज चरित्र - वाङ्मय | ||
| 260 |
_bबुकसेलर्स पब्लिशिंग कं. मुंबई _c1976 5 |
||
| 300 | _a7+456 | ||
| 630 | _aश्री ब्रह्मचैतन्य गोंदवलेकर महाराज चरित्र - वाङ्मय | ||
| 730 | _aश्री ब्रह्मचैतन्य गोंदवलेकर महाराज चरित्र - वाङ्मय | ||
| 942 | _cBOOK | ||
| 999 |
_c449213 _d449210 |
||